Truyền thống nghệ thuật Việt Nam

Сохранить в:
Библиографические подробности
Главный автор: LÂM TÔ LỘC
Формат:
Язык:Undetermined
Опубликовано: VHTT 2002
Метки: Добавить метку
Нет меток, Требуется 1-ая метка записи!
Thư viện lưu trữ: Trung tâm Học liệu Trường Đại học Cần Thơ
LEADER 00411nam a2200145Ia 4500
001 CTU_48588
008 210402s9999 xx 000 0 und d
082 |a 700.9597 
082 |b L451 
100 |a LÂM TÔ LỘC 
245 0 |a Truyền thống nghệ thuật Việt Nam 
245 0 |c LÂM TÔ LỘC 
260 |b VHTT 
260 |c 2002 
980 |a Trung tâm Học liệu Trường Đại học Cần Thơ